00898 a2200205 45000010006000000050017000060080041000230030015000640400040000790800078001192450084001970200022002812500023003032640035003263000019003615050166003800410008005461000026005548560112005803409920260407155630.0260407a2013 arg spa dAR-UNSa-BCEJYS aAR-UNSa-BCEJYSbspacAR-UNSa-BCEJYS a371.2xOrganización de las instituciones educativas y de la enseñanza10aInstituciones educativaspdinámicas institucionales en situaciones críticas a978-950-12-3249-3 a1a ed., 8a. reimp. 1aBuenos Aires :bPaidósc2013 a305 p.c22 cm. a1. Análisis de las instituciones educativas - 2. Dinámicas institucionales en situaciones críticas - 3. Prácticas institucionales en el espacio educativo aspa1 aFernández, Lidia M.41uhttps://biblioeco.unsa.edu.ar/pmb/images/libros/instituciones_educativas.jpgyImagen de portadaqimage/jpeg